000 01089nam2a2200229 4500
001 rc\3032974
005 20260315065206.0
035 _a(NLR Aleph) 007173810
090 _a13621366
_c13621366
100 _a20111003d1935 u y0rusy50 ca
101 0 _arus
102 _aRU
105 _ay g |||||
200 1 _aСправочник по разработке рубных месторождений золота
210 _d1935
461 0 _1001rc\3032973
_12000#$aСправочник по золотой промышленности$eТ. 3. Вып. 2-$fПод общ. ред. А.П. Серебровского$gГлвзолото$vТ. 3. Вып. 2
_97372726
_c[Москва]
_d1935-1936
_fПод общ. ред. А.П. Серебровского
_nОНТИ Гл. ред. лит. по цветной металлургии
_oТ. 3. Вып. 2-
_tСправочник по золотой промышленности
_vТ. 3. Вып. 2
700 1 _aТрушков
_bН.И.
801 0 _aRU
_bNLR
_gpsbo
801 1 _aRU
_bELAR
_2rusmarc
852 _aNLR
_j35-18/468
942 _cUNSPEC
980 _aNB